A visita ao padrinho (Registo nº 3982)
[ vista simples ]
| 000 -Etiqueta do registo | |
|---|---|
| Cabeçalho | 00971cam a2200337 4500 |
| 005 - Identificador da versão | |
| Campo de controlo | 20240813122049.0 |
| 095 ## - | |
| -- | PTBN00262799 |
| 010 ## - Número internacional normalizado dos livros (ISBN) | |
| Número (ISBN) | 9723602105 |
| 021 ## - Número do Depósito Legal | |
| Código do país | PT |
| Número | 27612/89 |
| 100 ## - Dados gerais de processamento | |
| Dados gerais de processamento | 19901203d1989 a y0pory5003 ba |
| 102 ## - Pais de publicação ou produção | |
| País de publicação | Portugal |
| 101 0# - Língua de publicação | |
| Língua do texto, banda sonora, etc. | Português |
| 106 ## - Campo de dados codificados: material textual | |
| Dados codificados do material textual | r |
| 105 ## - Campo de dados codificados: livros | |
| Dados codificados dos livros | a z 000fy |
| 215 ## - Descrição física | |
| Indicação específica da natureza do documento e extensão da espécie | 41, [2] p. |
| Outras indicações físicas | muito il. |
| Dimensões | 24 cm |
| 200 1# - Titulo e menção de responsabilidade | |
| Título próprio | A visita ao padrinho |
| Primeira menção de responsabilidade | Ilse Losa |
| Outras menções de responsabilidade | il. Ângela Melo |
| 225 1# - Colecção | |
| Título próprio da colecção | Tretas e letras |
| Indicação de volume | 21 |
| 210 ## - Publicação, Distribuição, etc. | |
| Lugar da edição, distribuição, etc. | Porto |
| Nome do editor, distribuidor, etc. | Afrontamento |
| Data da publicação, distribuição, etc. | cop. 1989 |
| 327 1# - Nota de conteúdo | |
| Texto da nota | Contém : Visita ao padrinho. - p. 7-21 ; Dois companheiros. - p. 21-33 ; Pepe o Periquito. - p. 35-41 |
| 517 1# - Outras variantes do título | |
| Variant Title | Dois companheiros |
| Variant Title | Pepe o Periquito |
| 620 ## - Acesso pelo local | |
| City | Porto |
| 675 ## - Classificação Decimal Universal (CDU) | |
| Notação | 087.5 |
| Edição | BN |
| Língua da edição | por |
| Notação | 869.0-34"19" |
| Edição | BN |
| Língua da edição | por |
| 702 #1 - Nome de autor-pessoa física (responsabilidade secundária) | |
| Número de registo de entrada de autoridade | 0000044 |
| Palavra de ordem | Melo |
| Outra parte do nome não tomada para palavra de ordem | Ângela |
| Código de função | Ilustrador / Técnico de desenho computorizado |
| 700 #1 - Nome de autor-pessoa física (responsabilidade principal) | |
| Número de registo de entrada de autoridade | 0000349 |
| Palavra de ordem | Losa |
| Outra parte do nome não tomada para palavra de ordem | Ilse |
| Datas | 1913-2006 |
| 942 ## - Elementos de entrada adicionados (Koha) | |
| Tipo de item no Koha | Livro |
| Situação do levantamento | Origin of item (home branch) (coded) | Biblioteca de empréstimo | Código de barras | Cota | Circulation type (not for loan) | Tipo de documento | Nota do exemplar | Damaged status |
|---|---|---|---|---|---|---|---|---|
| Biblioteca Escolar das Vendas | Biblioteca Escolar das Vendas | BEV334 | 8POR LOS | Livro | Sem mensagem |
